Squid jigging from small boats
Đã lưu trong:
| 主要作者: | |
|---|---|
| 格式: | 图书 |
| 语言: | Undetermined |
| 出版: |
Surrey, Eng.
Fishing News Books
1982
|
| 主题: | |
| 标签: |
添加标签
没有标签, 成为第一个标记此记录!
|
| Thư viện lưu trữ: | Trung tâm Học liệu Trường Đại học Cần Thơ |
|---|
| LEADER | 00516nam a2200181Ia 4500 | ||
|---|---|---|---|
| 001 | CTU_58234 | ||
| 008 | 210402s9999 xx 000 0 und d | ||
| 082 | |a 639.4858 | ||
| 082 | |b H198 | ||
| 100 | |a Mototsugu Hamabe | ||
| 245 | 0 | |a Squid jigging from small boats | |
| 245 | 0 | |c Mototsugu Hamabe, Chikamasa Hamuro and Michio Oruga | |
| 260 | |a Surrey, Eng. | ||
| 260 | |b Fishing News Books | ||
| 260 | |c 1982 | ||
| 650 | |a squid fisheries | ||
| 904 | |i Minh | ||
| 980 | |a Trung tâm Học liệu Trường Đại học Cần Thơ | ||